American plays and playwrights of the contemporary theatre / (Record no. 200468149)

MARC details
000 -LEADER
fixed length control field 03522cam a2200601 i 4500
001 - CONTROL NUMBER
control field 200468149
003 - CONTROL NUMBER IDENTIFIER
control field TR-AnTOB
005 - DATE AND TIME OF LATEST TRANSACTION
control field 20260416134138.0
007 - PHYSICAL DESCRIPTION FIXED FIELD--GENERAL INFORMATION
fixed length control field ta
008 - FIXED-LENGTH DATA ELEMENTS--GENERAL INFORMATION
fixed length control field 260416s1970 nyu b 001 0 eng
010 ## - LIBRARY OF CONGRESS CONTROL NUMBER
LC control number 74147317
020 ## - INTERNATIONAL STANDARD BOOK NUMBER
International Standard Book Number 0517509474
Qualifying information (hardback)
035 ## - SYSTEM CONTROL NUMBER
System control number (CLU)1968826-ucladb-Voyager
System control number (OCoLC)00113163
Canceled/invalid control number (OCoLC)63543902
-- (OCoLC)541783860
-- (OCoLC)1054232192
System control number (OCoLC)ocm00113163
System control number (EXLNZ-01UCS_NETWORK)9912951748306531
System control number (TR-AnTOB)200468149
040 ## - CATALOGING SOURCE
Original cataloging agency DLC
Language of cataloging eng
Description conventions rda
Transcribing agency DLC
Modifying agency OCL
-- BUF
-- EL$
-- MUQ
-- BTCTA
-- STF
-- WPG
-- DEBBG
-- OCLCO
-- AQ5
-- OCLCQ
-- OCLCO
-- OCLCF
-- OCLCO
-- OCL
-- OCLCA
-- OCL
-- OCLCO
-- OCLCA
-- SFR
-- OCLCQ
-- CSJ
-- OCLCO
-- TYC
-- OCLCA
-- DHA
-- OCLCQ
-- OCLCO
-- OCLCQ
-- OCLCO
-- OCLCA
-- BGU
-- OCLCQ
-- OCLCO
-- OCLCA
-- DCHUA
-- OCLCQ
-- OCLCO
-- OCLCA
-- UCW
-- OCLCO
-- OCLCL
-- OCLCQ
-- OCLCL
-- TR-AnTOB
041 0# - LANGUAGE CODE
Language code of text/sound track or separate title İngilizce
043 ## - GEOGRAPHIC AREA CODE
Geographic area code n-us---
050 04 - LIBRARY OF CONGRESS CALL NUMBER
Classification number PS351
Item number .L4957 1970
090 ## - LOCALLY ASSIGNED LC-TYPE CALL NUMBER (OCLC); LOCAL CALL NUMBER (RLIN)
Classification number (OCLC) (R) ; Classification number, CALL (RLIN) (NR) PS351
Local cutter number (OCLC) ; Book number/undivided call number, CALL (RLIN) .L4957 1970
100 1# - MAIN ENTRY--PERSONAL NAME
Personal name Lewis, Allan
Relator term author
Relator code aut
9 (RLIN) 153723
245 10 - TITLE STATEMENT
Title American plays and playwrights of the contemporary theatre /
Statement of responsibility, etc. by Allan Lewis.
250 ## - EDITION STATEMENT
Edition statement Revised edition.
264 #1 - PRODUCTION, PUBLICATION, DISTRIBUTION, MANUFACTURE, AND COPYRIGHT NOTICE
Place of production, publication, distribution, manufacture New York :
Name of producer, publisher, distributor, manufacturer Crown Publishers,
Date of production, publication, distribution, manufacture, or copyright notice [1970]
300 ## - PHYSICAL DESCRIPTION
Extent 272 pages
Dimensions 22 cm
336 ## - CONTENT TYPE
Content type term text
Content type code txt
Source rdacontent
337 ## - MEDIA TYPE
Media type term unmediated
Media type code n
Source rdamedia
338 ## - CARRIER TYPE
Carrier type term volume
Carrier type code nc
Source rdacarrier
504 ## - BIBLIOGRAPHY, ETC. NOTE
Bibliography, etc. note Includes bibliographical references and index.
505 00 - FORMATTED CONTENTS NOTE
Miscellaneous information Introduction:
Title "The purpose of playing ..." --
-- Eugene O'Neill: the tragic homecoming --
-- Arthur Miller: return to the self --
-- Tennessee Williams: the freedom of the senses --
-- Thornton Wilder and William Saroyan: the comic vein and "courage for survival" --
-- The fun and games of Edward Albee --
-- The survivors of the Depression: Hellman, Odets, Shaw --
-- Man's relation to God: MacLeish, Chayefsky --
-- The tired deans: Elmer Rice and S.N. Behrman --
-- The emergent deans: Kingsley, Inge, and company --
-- Broadway's boys --
-- The refugees from television --
-- New-play madness and some new voices --
-- The musical theatre: heirs to Richard Rodgers --
-- The theatre off-Broadway and off-off-Broadway --
-- Trends of the decade.
600 10 - SUBJECT ADDED ENTRY--PERSONAL NAME
Personal name O'Neill, Eugene,
Dates associated with a name 1888-1953
Authority record control number or standard number http://id.loc.gov/authorities/names/n79092602
9 (RLIN) 153200
Personal name Miller, Arthur,
Dates associated with a name 1915-2005
Authority record control number or standard number http://id.loc.gov/authorities/names/n79045521
9 (RLIN) 153724
Personal name Williams, Tennessee,
Dates associated with a name 1911-1983
Authority record control number or standard number http://id.loc.gov/authorities/names/n79090096
9 (RLIN) 153725
Personal name Wilder, Thornton,
Dates associated with a name 1897-1975
9 (RLIN) 50125
Personal name Saroyan, William,
Dates associated with a name 1908-1981
9 (RLIN) 153726
Personal name Albee, Edward,
Dates associated with a name 1928-2016
9 (RLIN) 153674
Personal name Hellman, Lillian,
Dates associated with a name 1905-1984
Authority record control number or standard number http://id.loc.gov/authorities/names/n78086393
9 (RLIN) 153331
Personal name Odets, Clifford,
Dates associated with a name 1906-1963
9 (RLIN) 153727
Personal name Shaw, Irwin,
Dates associated with a name 1913-1984
9 (RLIN) 153728
Personal name MacLeish, Archibald,
Dates associated with a name 1892-1982
Authority record control number or standard number http://id.loc.gov/authorities/names/n80015459
9 (RLIN) 153729
Personal name Chayefsky, Paddy,
Dates associated with a name 1923-1981
Authority record control number or standard number http://id.loc.gov/authorities/names/n50036270
9 (RLIN) 153730
Personal name Rice, Elmer,
Dates associated with a name 1892-1967
Authority record control number or standard number http://id.loc.gov/authorities/names/n92055304
9 (RLIN) 153731
Personal name Behrman, S. N.
Fuller form of name (Samuel Nathaniel),
Dates associated with a name 1893-1973
Authority record control number or standard number http://id.loc.gov/authorities/names/n50006625
9 (RLIN) 153732
Personal name Kingsley, Sidney,
Dates associated with a name 1906-1995
Authority record control number or standard number http://id.loc.gov/authorities/names/n85199221
9 (RLIN) 153687
Personal name Inge, William
9 (RLIN) 153733
650 #0 - SUBJECT ADDED ENTRY--TOPICAL TERM
Topical term or geographic name entry element American drama
Chronological subdivision 20th century
General subdivision History and criticism
9 (RLIN) 93437
Topical term or geographic name entry element Theater
Geographic subdivision United States
General subdivision History
9 (RLIN) 153734
942 ## - ADDED ENTRY ELEMENTS (KOHA)
Source of classification or shelving scheme Library of Congress Classification
Koha item type Book
Holdings
Withdrawn status Lost status Source of classification or shelving scheme Damaged status Not for loan Collection code Home library Current library Shelving location Date acquired Source of acquisition Inventory number Total Checkouts Full call number Barcode Date last seen Copy number Date shelved Koha item type Public note
    Library of Congress Classification Kullanılmış / Used Ödünç Verilemez-Kurumiçi kullanım / Not for loan-For inhouse use Genel Koleksiyon Tıp Fakültesi Medikal Kütüphane Tıp Fakültesi Medikal Kütüphane Genel Koleksiyon / Main Collection 18/03/2026 Bağış / Donation İDE   PS351 .L4957 1970 TıpFaK TF03128 16/04/2026 1 16/04/2026 Book Donated by Prof. Dr. Şükrü Cin
Devinim Yazılım Eğitim Danışmanlık tarafından Koha'nın orjinal sürümü uyarlanarak geliştirilip kurulmuştur.